[Event "EWCCC Online Final 2020"]
[Site "Online"]
[Date "2020.12.21"]
[Round "4.4"]
[White "Sebag, Marie"]
[Black "Dzagnidze, Nana"]
[Result "0-1"]
[WhiteElo "2438"]
[BlackElo "2524"]
[Annotator "TA"]
[PlyCount "102"]
[EventDate "2020.12.19"]
[EventType "team-tourn"]
[EventCountry "NET"]
[SourceTitle "playchess.com"]
[Source "ChessBase"]
[SourceQuality "1"]

{[%evp 15,102,27,57,62,72,63,75,79,75,72,63,76,71,73,67,60,65,49,82,87,87,78,78,57,97,81,102,60,111,108,107,66,93,88,130,-18,-12,-9,-11,0,-15,-106,-114,-126,-85,-91,-114,-164,-136,-129,-133,-138,-84,-340,-342,-456,-309,-501,-509,-746,-735,-975,-970,-982,-979,-952,-935,-1007,-354,-1840,-1683,-1410,-932,-1039,-1014,-1588,-2869,-2397,-1679,-1819,-1627,-1283,-1003,-29976,-29978,-29985,-29986,-29984,-29985]} 1. e4 c5 2. Nf3 d6 3. Bb5+ Nc6 4. O-O Bd7 5. Re1 Nf6 6. c3 a6 7. Bf1 Bg4 8. h3 Bh5 9. g4 {B51: Sicilian: Moscow Variation (3 Bb5+) without 3...Bd7.} Bg6 10. d4 $1 Bxe4 {[#]} 11. Rxe4 $1 {[%mdl 512] White is better.} Nxe4 {[#]} 12. d5 $1 {[%cal Rd5c6]} Nf6 13. dxc6 bxc6 14. Qa4 Qc7 15. Bg2 {[%mdl 1024] And now Ne5! would win. White has compensation.} Nd7 {[#]} 16. c4 $146 ({Predecessor:} 16. Na3 e6 17. Bf4 Nb6 18. Qa5 Be7 19. Nc4 Rb8 20. Rd1 O-O 21. Rxd6 Bxd6 22. Bxd6 {½-½ (33) Gupta,A (1781)-Snape,I (2207) Coulsdon 2013}) 16... e6 17. Bf4 Be7 18. Nc3 O-O 19. Qc2 Rab8 20. Re1 e5 21. Be3 (21. Bd2 {looks sharper.} Rfe8 22. b3 Nf8 23. h4 g6 24. g5) 21... g6 ({Better is} 21... Rfe8 $14) 22. Bh6 $16 Rfe8 23. Nd2 Bf8 24. Be3 Bg7 25. Nde4 (25. Rd1 $16) 25... f5 $11 26. gxf5 gxf5 27. Ng5 (27. Nxd6 $5 Qxd6 28. Qxf5 $11) 27... e4 28. h4 (28. Ncxe4 $1 $11 {remains equal.} Rxb2 29. Qd3 fxe4 30. Bxe4) 28... Ne5 29. Rd1 h6 30. Nh3 Nxc4 31. Bc1 {[%cal Rc3e4]} Ne5 32. Nf4 d5 33. Nce2 c4 (33... Qe7 $142 34. Ng3 Rf8) 34. Ng3 $2 {[%mdl 8192] This move loses the game for White.} (34. b3 $17) 34... Nd3 $1 $19 {[%cal Rd3f4]} 35. Nfh5 Rf8 {White must now prevent ...Bd4.} 36. Nxg7 $2 (36. b3) 36... Qxg7 (36... Kxg7 $2 37. Qc3+ Kh7 38. b3 $19) 37. Rxd3 exd3 38. Qd1 c3 39. bxc3 Rb1 40. Kh2 Qg4 41. Bf3 Rxc1 $2 (41... Qxh4+ 42. Kg2 f4 43. Qxd3 Rxc1 44. Qg6+ {[#]} Kh8 $1 {[%mdl 512]}) 42. Qxc1 $2 (42. Bxg4 Rxd1 43. Bxd1) 42... Qxf3 43. Qxh6 {[%mdl 4096] Endgame KQR-KQN} Qg4 44. Qxc6 Qxh4+ 45. Kg1 f4 (45... d2 $142 46. Qxd5+ Rf7) 46. Qxd5+ Kh8 47. Qe5+ Qf6 48. Qh5+ Kg7 49. Qg4+ Qg6 {Black mates.} 50. Qd7+ Rf7 51. Qd4+ Kh7 {Weighted Error Value: White=0.69/Black=0.37} 0-1

[Event "EWCCC Online Final 2020"]
[Site "Online"]
[Date "2020.12.21"]
[Round "4.4"]
[White "Maltsevskaya, Aleksandra"]
[Black "Socko, Monika"]
[Result "1-0"]
[WhiteElo "2311"]
[BlackElo "2421"]
[Annotator "TA"]
[PlyCount "91"]
[EventDate "2020.12.19"]
[EventType "team-tourn"]
[EventCountry "NET"]
[SourceTitle "playchess.com"]
[Source "ChessBase"]
[SourceQuality "1"]

{[%evp 12,91,13,0,12,11,22,11,23,31,31,23,36,26,43,35,38,24,34,27,42,28,67,51,48,12,83,80,90,69,64,32,54,57,56,51,210,210,537,530,493,477,1083,1064,1042,739,740,739,1732,1348,1262,728,678,501,1231,1155,1163,1162,1049,847,816,835,730,691,29992,12512,29978,29979,6095,5506,29977,29978,29983,29984,29987,29985,29984,29985,29987,29988,29989,29989]} 1. e4 c6 2. Nc3 d5 3. Nf3 Bg4 4. h3 Bxf3 5. Qxf3 e6 6. d3 Nd7 {6...Nd7 scores better than 6...Nf6.} 7. g3 g6 {B11: Caro-Kann: Two Knights Variation.} 8. Bg2 {[%cal Re4d5]} Bg7 9. Bd2 d4 {The position is equal.} 10. Nb1 {[%cal Bc3b1,Bb1d2,Bd2c4][%mdl 32] [#]} Qb6 $146 ({Predecessor:} 10... Ne7 11. O-O O-O 12. Qe2 Qb6 13. Bc1 Rae8 14. Nd2 Qc7 15. f4 f5 16. e5 b5 {½-½ (41) Bagdasarian,S (1893)-Karamanov,D (2198) Anapa 2012}) 11. Bc1 Ne7 12. O-O c5 13. Nd2 Qc7 14. a4 O-O 15. Qe2 e5 16. f4 f5 17. Nc4 Rae8 18. g4 (18. Rf2 {seems wilder.} Kh8 19. Bd2 Bh6 20. Re1 exf4 21. gxf4 fxe4 22. Qxe4 b6 23. Rfe2) 18... Nc6 (18... fxg4 $11 19. Qxg4 Kh8) 19. gxf5 gxf5 20. fxe5 Ndxe5 21. Nxe5 Qxe5 22. Bf4 Qe6 23. Rae1 fxe4 $2 {This move loses the game for Black.} (23... Qg6 $14) 24. Bxe4 $18 {aiming for Qh5!} Rxf4 $2 (24... Kh8 25. Qh5 h6) 25. Rxf4 {Threatening mate with Qh5!} Kh8 {[#]} 26. Qh5 $1 {[%csl Ge4][%cal Rh5h7]} Bh6 {[#]} (26... Qg8 $142 27. Re2 Re5) 27. Rf7 $1 Re7 28. Rxe7 Nxe7 29. Rf1 Qg8+ {[#]} 30. Kh1 $1 Bg7 31. Qxc5 Qe8 32. Qg5 Ng6 (32... b6 $142 33. Qh4 h6) 33. Qh5 Kg8 34. Qd5+ {[%mdl 64] Double Attack} Kh8 35. Qf7 Qc8 36. Rf5 Ne5 37. Qxb7 ({Less strong is} 37. Rxe5 Qxh3+ 38. Kg1 Qg3+ 39. Kf1 Qxe5 $16) 37... Qd8 {[#]} 38. Qxa7 (38. Rxe5 $142 $1 Qf8 (38... Bxe5 39. Qxh7#) 39. Rf5 Qd8 40. Rc5 Qg8 {[#]} 41. Rc8 $1 {[%mdl 512]} h6 42. Bd5 {[%mdl 64] Pin} Kh7 43. Rxg8 Kg6 44. Qxg7+ {[%mdl 64] Double Attack} Kh5 45. Qg4#) 38... Ng6 39. Qa8 Qxa8 40. Bxa8 {[%mdl 4096] Endgame KRB-KBN} Ne7 41. Rf7 {White mates.} Nc8 42. a5 {[%cal Ba4a5,Ba5a6][%mdl 32]} Kg8 43. Rd7 Bf6 44. Bd5+ Kh8 45. a6 Nb6 {[#]} 46. Rd6 $1 {[%mdl 64] Double Attack.  Weighted Error Value: White=0.22/Black=0.99} 1-0

[Event "EWCCC Online Final 2020"]
[Site "Online"]
[Date "2020.12.21"]
[Round "4.5"]
[White "Muzychuk, Anna"]
[Black "Pogonina, Natalija"]
[Result "1/2-1/2"]
[WhiteElo "2535"]
[BlackElo "2474"]
[Annotator "TA"]
[PlyCount "63"]
[EventDate "2020.12.19"]
[EventType "team-tourn"]
[EventCountry "NET"]
[SourceTitle "playchess.com"]
[Source "ChessBase"]
[SourceQuality "1"]

{[%evp 20,63,-33,-62,-62,-52,-10,-16,-15,-15,-16,-14,-25,-61,-13,-13,-8,-13,-8,-6,0,0,0,0,0,-10,40,0,0,-28,-14,-18,-11,-18,0,-17,0,-14,-8,-8,0,-6,0,-24,0,0]} 1. e4 e5 2. Nf3 d6 3. d4 exd4 4. Qxd4 Nf6 5. Nc3 Nc6 6. Bb5 Bd7 7. Bxc6 Bxc6 8. Bg5 Be7 9. O-O-O O-O 10. h4 Re8 11. Rhe1 h6 {C62: Ruy Lopez: Steinitz Defence.} 12. Bf4 Qc8 {[#]} 13. e5 $146 ({Predecessor:} 13. Qd3 Qg4 14. g3 Nd7 15. Nd4 Nc5 16. Qf1 Bf6 17. f3 Qg6 18. Nde2 b5 19. Nd5 Bxd5 20. Rxd5 {0-1 (44) Marxen,P-Riedel,W Germany North 1980}) 13... Bxf3 14. gxf3 dxe5 15. Bxe5 Qf5 16. Rg1 {With the idea Nd5.} Rad8 17. Qf4 Rxd1+ 18. Nxd1 Qxf4+ 19. Bxf4 Nh5 20. Bxh6 Bxh4 21. Be3 g6 22. Nc3 Bf6 23. Nd5 ({Stronger than} 23. Bxa7 Bxc3 24. bxc3 b6 $17) 23... Be5 24. Nb4 Bf4 25. Kd2 Bd6 26. Nd3 b6 27. Rh1 Re6 28. b3 Rf6 29. Ke2 Re6 30. Kd2 Rf6 31. Ke2 Re6 32. Kd2 {Weighted Error Value: White=0.11/Black=0.11} 1/2-1/2

[Event "EWCCC Online Final 2020"]
[Site "Online"]
[Date "2020.12.21"]
[Round "4.5"]
[White "Girya, Olga"]
[Black "Muzychuk, Mariya"]
[Result "1-0"]
[WhiteElo "2464"]
[BlackElo "2544"]
[Annotator "TA"]
[PlyCount "63"]
[EventDate "2020.12.19"]
[EventType "team-tourn"]
[EventCountry "NET"]
[SourceTitle "playchess.com"]
[Source "ChessBase"]
[SourceQuality "1"]

{[%evp 18,63,0,3,2,6,12,5,5,5,14,14,14,15,0,0,6,13,16,0,0,-2,-2,-10,-2,-10,0,0,532,489,453,384,347,327,295,146,151,150,143,122,218,218,242,242,1066,1066,978,936]} 1. d4 Nf6 2. c4 g6 3. Nc3 d5 4. cxd5 Nxd5 5. e4 Nxc3 6. bxc3 Bg7 7. Nf3 c5 8. h3 Nc6 9. Be3 O-O 10. Be2 cxd4 {D85: Exchange Grünfeld: Unusual White 7th moves and lines with 7 Nf3.} 11. cxd4 f5 12. Bc4+ Kh8 $1 {The position is equal.} 13. O-O f4 {13...fxe4 is the hot move.} 14. Bd2 Nxd4 15. Bc3 {[%cal Rc3d4]} Nxf3+ 16. Qxf3 Bd7 17. Bd5 {[#]} Bc6 $146 ({Predecessor:} 17... Qc7 18. Rac1 Bxc3 19. Rxc3 Qe5 20. Bxb7 Rab8 21. Bd5 Rb4 {½-½ (21) Guo,Q (2375)-Stefanova,A (2474) Shaoxing 2019}) 18. Bxg7+ Kxg7 19. Qc3+ Rf6 20. e5 Rf5 ({Worse is} 20... Bxd5 21. exf6+ exf6 22. Rfd1 $16) 21. Bxc6 bxc6 22. Rfd1 Qc7 $2 {[%mdl 8192] [#]} (22... Qb6 $11 {and Black has nothing to worry.}) 23. Rd7 $1 $18 {[%cal Rd7c7][%mdl 512]} Qb6 (23... Qxd7 24. e6+) 24. e6+ Kh6 25. Rxe7 Rg8 26. Rd1 (26. Rc1 $18 {has better winning chances.}) 26... Qc5 $16 27. Qxc5 Rxc5 28. Rdd7 Kg5 (28... g5 $16) 29. Rxh7 $18 Kf6 30. e7 {And now Rd8 would win.} ({Don't do} 30. Rxa7 $6 Rc1+ 31. Kh2 Kxe6 $16) 30... Re8 $2 (30... Re5 31. Rxa7 Re8) 31. Rd6+ Kf5 32. Rd8 {Weighted Error Value: White=0.13/Black=0.46} 1-0

[Event "EWCCC Online Final 2020"]
[Site "Online"]
[Date "2020.12.21"]
[Round "4.5"]
[White "Ushenina, Anna"]
[Black "Badelka, Olga"]
[Result "1/2-1/2"]
[WhiteElo "2416"]
[BlackElo "2440"]
[Annotator "TA"]
[PlyCount "111"]
[EventDate "2020.12.19"]
[EventType "team-tourn"]
[EventCountry "NET"]
[SourceTitle "playchess.com"]
[Source "ChessBase"]
[SourceQuality "1"]

{[%evp 10,111,8,7,28,19,26,22,68,34,32,29,28,18,30,20,25,24,37,30,54,66,89,62,70,72,71,90,98,102,118,111,110,110,117,107,142,104,142,89,98,86,91,88,99,99,100,77,98,65,80,15,118,122,122,117,123,106,106,106,106,106,106,106,106,106,106,106,106,106,106,106,106,106,106,106,106,106,106,106,106,106,106,106,106,106,106,106,106,0,0,0,0,0,0,0,0,0,0,0,0,0,0,0]} 1. d4 d5 2. Nf3 Nf6 3. Bf4 e6 4. e3 Bd6 5. Bxd6 Qxd6 6. c4 dxc4 {D02: 1 d4 d5 2 Nf3 sidelines, including 2...Nf6 3 g3 and 2...Nf6 3 Bf4.} 7. Nc3 a6 8. Bxc4 b5 {[#]} 9. Be2 $146 ({Predecessor:} 9. Bd3 Bb7 10. O-O O-O 11. Qc2 Nc6 12. Qd2 Ne7 13. e4 Qd7 14. e5 Nfd5 15. Ne4 {0-1 (30) Peixoto,J (1402)-Santos,R (1680) Luso 2018}) 9... Bb7 10. O-O Nbd7 11. Rc1 O-O 12. a3 b4 13. axb4 Qxb4 14. Qa4 Qb6 15. Qa3 Rab8 16. Na4 Qd6 17. Nc5 $36 {[%mdl 2048] Black is under strong pressure.} Nxc5 18. Rxc5 Qb6 19. Ne5 Bd5 20. Rb1 Be4 21. Bd3 Bxd3 22. Nxd3 Ne4 23. Rc2 a5 24. Nc5 (24. Rbc1 $142) 24... Nxc5 $16 25. Rxc5 Ra8 26. Rbc1 Rfc8 27. h4 h6 28. R1c2 Ra7 29. Qa4 Rb8 30. Qd7 (30. g3 $16) 30... a4 (30... Qd6 $11 {remains equal.} 31. Qa4 Qd8) 31. Rxc7 Rxc7 32. Rxc7 {[%mdl 4096] Endgame KQR-KQR} Rf8 33. Rc8 g6 34. Rxf8+ Kxf8 35. Qxa4 {b4 is the strong threat.} Qxb2 {KQ-KQ} 36. Qa8+ Kg7 37. Qe4 h5 38. Qe5+ Kg8 39. Qf6 Qe2 40. Qf3 Qd2 41. Kh2 Kg7 42. Kg3 Kg8 43. Qf4 Qd3 44. Qb8+ Kg7 45. Qe5+ Kg8 46. Kh2 Qe2 47. Qf6 Qe1 48. Qf3 Qd2 49. Qe4 ({Better is} 49. Qf4 $16) 49... Qxf2 $11 {The position is equal.} 50. Qa8+ Kg7 51. Qe4 Qe1 52. Qe5+ Kg8 53. Qb8+ Kg7 54. Qe5+ Kg8 55. Qb8+ Kg7 56. Qe5+ {Weighted Error Value: White=0.10/Black=0.09} 1/2-1/2

[Event "EWCCC Online Final 2020"]
[Site "Online"]
[Date "2020.12.21"]
[Round "4.5"]
[White "Dordzhieva, Dinara"]
[Black "Osmak, Iulija"]
[Result "1/2-1/2"]
[WhiteElo "2334"]
[BlackElo "2438"]
[Annotator "TA"]
[PlyCount "69"]
[EventDate "2020.12.19"]
[EventType "team-tourn"]
[EventCountry "NET"]
[SourceTitle "playchess.com"]
[Source "ChessBase"]
[SourceQuality "1"]

{[%evp 11,69,3,2,0,5,16,25,20,13,23,45,51,50,54,51,49,43,39,71,15,12,8,11,8,8,13,10,10,5,8,14,0,0,0,9,0,0,0,0,0,0,0,0,0,0,0,4,0,0,0,0,0,0,0,0,0,0,0,0,0]} 1. d4 e6 2. c4 Nf6 3. Nf3 d5 4. g3 Bb4+ 5. Bd2 Be7 6. Bg2 O-O 7. Qc2 {E11: Bogo-Indian.} Nbd7 8. O-O Ne4 9. a3 {White has an edge.} c6 10. Bb4 {[#]} Bxb4 $146 ({Predecessor:} 10... b6 11. Bxe7 Qxe7 12. Nbd2 Nxd2 13. Nxd2 Ba6 14. b4 Rac8 15. Qb3 Bxc4 16. Nxc4 dxc4 17. Qxc4 {1-0 (33) Lysyj,I (2594)-Makhmutov,R (2416) Cheliabinsk 2020}) 11. axb4 Qe7 12. Nc3 Nxc3 13. Qxc3 dxc4 14. Qxc4 e5 15. dxe5 (15. b5 $16) 15... Nxe5 $11 {The position is equal.} 16. Qc5 Nxf3+ 17. Bxf3 Qxc5 18. bxc5 Rd8 19. Rfd1 Rxd1+ 20. Rxd1 {[%cal Rd1d8][%mdl 4096] [#] Endgame KRB-KRB} Be6 21. b4 a6 22. Be4 Kf8 23. f4 ({Don't play} 23. Bxh7 g6 $17) 23... Ke7 24. Kf2 ({Much weaker is} 24. Bxh7 g6 $17) 24... h6 25. h4 a5 26. bxa5 Rxa5 27. Rc1 Kd7 28. Bf3 Kc7 29. Rc3 Rb5 30. g4 f6 31. Re3 Kd7 32. Rd3+ Kc7 33. Re3 Kd7 34. Rd3+ Kc7 35. Re3 {Accuracy: White = 95%, Black = 100%.} 1/2-1/2

[Event "EWCCC Online Final 2020"]
[Site "Online"]
[Date "2020.12.21"]
[Round "5.1"]
[White "Pogonina, Natalija"]
[Black "Zawadzka, Jolanta"]
[Result "0-1"]
[WhiteElo "2474"]
[BlackElo "2399"]
[Annotator "TA"]
[PlyCount "106"]
[EventDate "2020.12.19"]
[EventType "team-tourn"]
[EventCountry "NET"]
[SourceTitle "playchess.com"]
[Source "ChessBase"]
[SourceQuality "1"]

{[%evp 9,106,3,17,17,18,7,14,10,31,26,17,25,36,39,37,24,12,41,17,0,19,30,71,31,67,62,67,12,8,1,5,0,8,-11,-2,-107,-110,-137,-142,-239,-247,-414,-409,-396,-341,-335,-333,-325,-301,-511,-501,-564,-538,-546,-542,-482,-445,-537,-547,-529,-433,-397,-283,-432,-380,-391,-377,-411,-419,-399,-397,-454,-455,-442,-372,-441,-440,-468,-469,-457,-429,-429,-226,-170,-141,-119,0,-168,-174,-312,-285,-335,-265,-309,-288,-6705,-6070,-5185,-5110]} 1. c4 e6 2. Nf3 d5 3. e3 Nf6 4. Nc3 a6 5. b3 dxc4 6. bxc4 {A17: English Opening: 1...Nf6 with ...Bb4.} c5 7. Bb2 Be7 8. Be2 {The position is equal.} Nc6 9. O-O O-O {[#]} 10. d4 $146 {aiming for d5.} ({Predecessor:} 10. Rb1 Qc7 11. Ba1 Rd8 12. Qb3 Rb8 13. Rfd1 Bd7 14. Ng5 Be8 15. Nge4 Na5 16. Qc2 Nxe4 17. Nxe4 {1-0 (85) Brunello,S (2553)-Laurusas,T (2423) Katowice 2017}) 10... cxd4 11. exd4 Qa5 12. Qb3 Rd8 13. Rfd1 Qc7 14. Na4 Rb8 (14... b5 $5 15. cxb5 axb5 16. Bxb5 Ba6 $11) 15. Qb6 Qf4 16. Nc5 (16. Bc1 $5 {[%cal Rc1f4]} Qf5 17. Bd3 $16) 16... Nd7 17. Nxd7 Bxd7 18. d5 (18. Bc1 $14 Qd6 19. c5) 18... exd5 $11 19. cxd5 Qb4 20. Qxb4 Nxb4 21. a3 {Hoping for d6.} Nc2 22. d6 {[#]} (22. Rac1 $11 Rbc8 23. d6) 22... Bxd6 $1 $17 23. Rxd6 Nxa1 24. Bxa1 (24. Nd4 $17 Rbc8 25. Bd3) 24... Bb5 $19 {[%mdl 64] Discovered Attack} 25. Bxb5 $2 (25. Rxd8+ {was worth a try.} Rxd8 26. Bxb5 Rd1+ {[%mdl 64] Double Attack} 27. Bf1 Rxa1 28. Ne5) 25... Rxd6 26. Bf1 Rc8 {And now ...Rd1 would win.} 27. Bd4 Rc1 28. g3 Rd1 29. Be5 $2 (29. Be3 {was necessary.}) 29... R6d3 {[%mdl 64] [#] Double Attack} 30. Nh4 Rxa3 31. Kg2 b5 32. Nf5 f6 33. Bd6 Raa1 34. Be2 Rd2 35. Bf3 g6 36. Bf4 (36. Bb4 {only move.} Rd3 37. Be4 {[%mdl 64] Decoy}) 36... Rd7 37. Bc6 Rdd1 38. Ne3 Rg1+ 39. Kf3 Kg7 40. Nd5 Ra3+ 41. Be3 Rb1 42. Kg2 Rd1 43. Bc5 Raa1 44. Be3 h5 45. h4 Rdb1 (45... a5 $142 {Threatens to win with ...b4.} 46. Nf4 b4 47. Ne6+ Kf7) 46. Bd4 Ra3 47. Bxf6+ Kh7 (47... Kf7 $17 48. Bd4 Rd1) 48. Ne3 $2 (48. Ne7 $11 {and White has nothing to worry.} Re1 49. Be8 Rxe7 50. Bxe7) 48... b4 49. Be7 (49. g4 {might work better.} Ra5 50. Be4) 49... a5 50. Be4 Rc1 51. Nd5 Re1 52. Ne3 $2 (52. Bc5) 52... Raxe3 53. fxe3 Rxe3 {Weighted Error Value: White=0.61/Black=0.30} 0-1

[Event "EWCCC Online Final 2020"]
[Site "Online"]
[Date "2020.12.21"]
[Round "5.1"]
[White "Badelka, Olga"]
[Black "Kubicka, Anna"]
[Result "1/2-1/2"]
[WhiteElo "2440"]
[BlackElo "2256"]
[Annotator "TA"]
[PlyCount "64"]
[EventDate "2020.12.19"]
[EventType "team-tourn"]
[EventCountry "NET"]
[SourceTitle "playchess.com"]
[Source "ChessBase"]
[SourceQuality "1"]

{[%evp 18,64,25,0,43,36,37,37,27,26,67,0,27,0,32,21,8,8,14,0,57,0,0,0,0,0,0,0,0,0,0,-26,0,0,0,0,0,0,0,0,0,0,0,0,0,0,0,0,0]} 1. Nf3 Nf6 2. g3 g6 3. Bg2 Bg7 4. d4 O-O 5. c4 c5 6. Nc3 cxd4 7. Nxd4 Nc6 8. O-O Nxd4 {8...Qa5 is more fashionable.} 9. Qxd4 d6 10. Qd2 Qb6 {A39: Symmetrical English vs ...g6: 4 Bg2 Bg7 5 Nf3 Nf6 6 0-0 0-0 7 d4.} 11. b3 Bd7 12. Bb2 Bc6 {White is slightly better.} 13. e4 {[#]} Nd7 $146 ({Predecessor:} 13... Rfe8 14. Rfe1 Nd7 15. Nd5 Bxd5 16. Bxg7 Kxg7 17. exd5 a5 18. Re3 a4 19. Rae1 axb3 20. axb3 {1-0 (41) Glavina,P (2478)-Lamas Mercadal,M (2211) Spain 2010}) 14. Kh1 (14. Nd5 $14 Bxd5 15. Bxg7 (15. exd5 Bxb2 16. Qxb2 Ne5 $14) 15... Kxg7 16. exd5) 14... a5 15. Rab1 a4 16. Nxa4 Bxa4 17. Bxg7 Kxg7 18. bxa4 Qc7 ({Black should try} 18... Qd8 $11) 19. Qb2+ (19. e5 $1 $14 Nc5 20. exd6 exd6 21. f4) 19... e5 $11 20. Qxb7 Qxb7 21. Rxb7 Nc5 22. Rb6 Rfd8 23. Rd1 Rxa4 {[%mdl 64] [#] Double Attack} 24. f4 (24. Rbxd6 {feels hotter.} Rxd6 25. Rxd6 Rxa2 26. Rd5 Ra1+ 27. Bf1) 24... f6 (24... Rc8 {with more complications.} 25. Rbxd6 exf4 26. e5 fxg3 27. hxg3 Rxa2 28. Bd5 Rc7) 25. fxe5 {The position is equal.} fxe5 26. Rbxd6 Rxd6 27. Rxd6 Rxc4 {[#] ...Rc1+ is the strong threat. KRB-KRN} 28. Bf3 Nxe4 29. Rd7+ Kh6 30. Bxe4 Rxe4 31. Re7 Ra4 32. Rxe5 Rxa2 {Weighted Error Value: White=0.12/Black=0.16} 1/2-1/2

[Event "EWCCC Online Final 2020"]
[Site "Online"]
[Date "2020.12.21"]
[Round "5.1"]
[White "Kulon, Klaudia"]
[Black "Dordzhieva, Dinara"]
[Result "0-1"]
[WhiteElo "2347"]
[BlackElo "2334"]
[Annotator "TA"]
[PlyCount "92"]
[EventDate "2020.12.19"]
[EventType "team-tourn"]
[EventCountry "NET"]
[SourceTitle "playchess.com"]
[Source "ChessBase"]
[SourceQuality "1"]

{[%evp 9,92,14,17,19,44,40,66,2,-2,-7,55,-9,-16,0,9,-36,-25,-32,-26,-36,-35,-24,-25,-53,13,0,16,0,0,1,4,5,5,0,0,0,0,0,0,0,0,0,0,-11,0,0,0,0,0,0,4,0,0,0,0,0,0,0,0,0,0,0,0,0,0,0,0,0,8,0,0,-1681,-1549,-1167,-1080,-997,-810,-6601,-6079,-2868,-5612,-29969,-5118,-29987,-29985]} 1. d4 Nf6 2. Bg5 Ne4 3. h4 h6 4. Bf4 d5 5. Nd2 Nxd2 6. Qxd2 {A45: Trompowsky Attack.} c5 {[#]} 7. dxc5 $146 ({Predecessor:} 7. e3 e6 8. Nf3 Qb6 9. c3 Nd7 10. Be2 cxd4 11. exd4 Be7 12. b3 Nf6 13. Ne5 Bd7 14. Qd3 Rc8 15. Rc1 Bd6 16. Qg3 Bf8 17. Qd3 Bd6 {½-½ (17) Skaslien,I (1588)-Koubova,A (1822) Khanty-Mansiysk 2016}) 7... e6 8. b4 (8. O-O-O $14) 8... a5 $11 9. c3 b6 ({Better is} 9... axb4 $11 10. cxb4 b6) 10. Bxb8 (10. e4 $14) 10... Rxb8 11. c6 b5 12. e4 axb4 13. cxb4 dxe4 14. a3 Be7 15. Qxd8+ Kxd8 16. Ne2 Bf6 (16... Kc7 $15) 17. Rc1 Kc7 18. Nc3 Bxc3+ 19. Rxc3 Rd8 20. Rhh3 Rd6 21. h5 Rxc6 22. Rxc6+ Kxc6 {[%mdl 4096] Endgame KRB-KRB} 23. Rg3 Ra8 24. Kd2 f5 25. Rxg7 Rxa3 26. g4 f4 27. g5 hxg5 {Threatens to win with ...Ra2+.} 28. h6 Ra2+ 29. Kc3 $1 {And now h7 would win.} Rxf2 30. h7 Rh2 {aiming for ...Bd7.} 31. Rg8 $1 {[%cal Rg8c8]} Rxh7 32. Rxc8+ {KRB-KR} Kd6 {Strongly threatening ...Rh1.} 33. Kd4 Rh1 34. Bxb5 Rb1 35. Rc6+ Ke7 36. Bc4 e3 37. Rxe6+ Kd7 38. b5 Rxb5 39. Rg6 Ra5 40. Ke4 $2 {[%mdl 8192]} (40. Kd3 $11) 40... Ra4 $19 41. Rg7+ Kd6 {...e2 is the strong threat.} 42. Rg6+ {[#]} Ke7 $1 ({Stronger than} 42... Kc5 43. Rxg5+ Kd6 44. Rg6+ Kc5 45. Rg5+ Kxc4 46. Kxf4 $11) 43. Rg7+ {[#]} Kf6 $1 {[%mdl 512]} 44. Rf7+ Kg6 45. Rc7 e2 $1 {[%cal Re2e1]} 46. Kf3 Rxc4 {[%mdl 64] Promotion.  Weighted Error Value: White=0.65/Black=0.09} 0-1

[Event "EWCCC Online Final 2020"]
[Site "Online"]
[Date "2020.12.21"]
[Round "5.1"]
[White "Sliwicka, Alicja"]
[Black "Girya, Olga"]
[Result "0-1"]
[WhiteElo "2333"]
[BlackElo "2464"]
[Annotator "TA"]
[PlyCount "70"]
[EventDate "2020.12.19"]
[EventType "team-tourn"]
[EventCountry "NET"]
[SourceTitle "playchess.com"]
[Source "ChessBase"]
[SourceQuality "1"]

{[%evp 9,70,10,14,12,24,2,3,0,0,0,0,0,0,4,7,0,0,-17,-10,-16,-18,-50,-25,-73,-39,-37,-37,-31,-43,-89,-27,-22,-29,-19,-26,-51,-50,-50,-47,-52,-50,-49,-49,-48,-37,-56,-8,-202,-214,-207,-217,-265,-240,-976,-944,-29991,-29992,-29992,-29981,-29979,-29978,-29980,-29977]} 1. e4 c6 2. d4 d5 3. e5 Bf5 4. c4 e6 5. Nc3 Bb4 6. Qb3 {B12: Caro-Kann: Advance Variation.} a5 7. a3 dxc4 8. Bxc4 {The position is equal.} Bxc3+ 9. Qxc3 Ne7 10. Ne2 Nd7 11. O-O Nb6 12. Ba2 Nbd5 13. Qf3 O-O {[#]} 14. Bg5 $146 ({Predecessor:} 14. g4 Bc2 15. h4 f5 16. exf6 Rxf6 17. Qg3 Qf8 18. f4 h5 19. g5 Rf7 20. Bd2 {0-1 (70) Smagin,S (2555)-Savon,V (2430) Norilsk 1987}) 14... Qb6 15. b3 h6 16. Be3 Rad8 17. Rac1 f6 18. Qg3 $1 Bh7 {Strongly threatening ...Nf5.} 19. Nf4 {[#]} Nxf4 (19... Nf5 $1 $17 {[%cal Rf5g3]} 20. Qg4 Rde8 21. exf6 Rxf6) 20. Qxf4 $11 Nd5 21. Qg3 Kh8 22. b4 axb4 23. Bxd5 Rxd5 24. exf6 Rxf6 25. axb4 Qxb4 26. Ra1 Rf8 27. Qc7 Rdf5 28. Rab1 $2 {Now White is beyond hope.} (28. Rfb1 $11 Qc3 29. Re1) 28... Rxf2 $1 $19 29. Bxf2 Bxb1 30. Re1 Bd3 {( -> ...Qxe1+!)} 31. h3 $2 {[#]} (31. Qe5) 31... Rxf2 $1 32. Rc1 {[#]} (32. Kxf2 Qd2+) 32... Qd2 $1 {Black mates.} 33. Qg3 Rxg2+ 34. Qxg2 Qxc1+ 35. Kh2 Qf4+ {Weighted Error Value: White=0.61/Black=0.10} 0-1